Kitabut Tarifat and Other (Record no. 2958)

MARC details
000 -LEADER
fixed length control field 00557nam a2200229 a 4500
020 ## - INTERNATIONAL STANDARD BOOK NUMBER
ISBN
082 00 - DEWEY DECIMAL CLASSIFICATION NUMBER
Classification number 492.73
Author Cutter JIR
100 ## - MAIN ENTRY--AUTHOR NAME
Author name Al-Jirjani, Ali Bin
245 ## - TITLE STATEMENT
Title Kitabut Tarifat and Other
260 ## - PUBLICATION, DISTRIBUTION, ETC. (IMPRINT)
Place of publication Egypt
Name of publisher No Publishers
Year of publication 0000
300 ## - PHYSICAL DESCRIPTION
Number of Pages 00p
500 ## - GENERAL NOTE
General note includes index and biblioraphy
650 ## - SUBJECT ADDED ENTRY--TOPICAL TERM
Topical Term Dictionary-Sufi Terms
942 ## - ADDED ENTRY ELEMENTS (KOHA)
Koha item type Books
700 1# -
-- Al-Jirjani, Ali Bin
Holdings
Collection code Home library Current library Date acquired Cost, normal purchase price Full call number Accession Number Koha item type
  Henry Martyn Institute Library Henry Martyn Institute Library 06/26/2008 100.00 492.73 JIR 04660 Books
                   Copyright © 2026 | Henry Martyn Institute | Hyderabad | TS-500052 | INDIA | Implemented by hmi.edu.in
Hit-Count:

Powered by Koha